ARRUPE JESUIT UNIVERSITY

CORONAVIRUS -STOP THE SPREAD - CLEAN,DISINFECT,COVER

The Organisation of African Unity : (Record no. 126692)

MARC details
000 -LEADER
fixed length control field 01012cam a2200277 a 4500
001 - CONTROL NUMBER
control field 4253251
003 - CONTROL NUMBER IDENTIFIER
control field ARRUPE
005 - DATE AND TIME OF LATEST TRANSACTION
control field 20170821082005.0
008 - FIXED-LENGTH DATA ELEMENTS--GENERAL INFORMATION
fixed length control field 841017s1983 ru 000 0 eng
010 ## - LIBRARY OF CONGRESS CONTROL NUMBER
LC control number 83214523
020 ## - INTERNATIONAL STANDARD BOOK NUMBER
Cancelled/invalid ISBN 0302030103 :
Terms of availability 0.20rub
040 ## - CATALOGING SOURCE
Original cataloging agency DLC
Transcribing agency DLC
Modifying agency DLC
041 1# - LANGUAGE CODE
Language code of text/sound track or separate title engrus
043 ## - GEOGRAPHIC AREA CODE
Geographic area code f------
050 00 - LIBRARY OF CONGRESS CALL NUMBER
Classification number DT30.5
Item number .Z63 1983
082 00 - DEWEY DECIMAL CLASSIFICATION NUMBER
Classification number 341.24/9
Edition number 19
300 ## - PHYSICAL DESCRIPTION
Dimensions 17 cm.
100 1# - MAIN ENTRY--PERSONAL NAME
Personal name Zhuravlev, Yuri,
Dates associated with a name 1940-
9 (RLIN) 34892
245 14 - TITLE STATEMENT
Title The Organisation of African Unity :
Remainder of title 20 years of struggle for unity and independence of Africa /
Statement of responsibility, etc Yuri Zhuravlev ; [translated from the Russian by M. Nikolsky].
260 ## - PUBLICATION, DISTRIBUTION, ETC. (IMPRINT)
Place of publication, distribution, etc Moscow :
Name of publisher, distributor, etc Novosti Press Agency,
Date of publication, distribution, etc 1983.
300 ## - PHYSICAL DESCRIPTION
Extent 53 p. ;
610 20 - SUBJECT ADDED ENTRY--CORPORATE NAME
Corporate name or jurisdiction name as entry element Organization of African Unity.
9 (RLIN) 19046
651 #0 - SUBJECT ADDED ENTRY--GEOGRAPHIC NAME
Geographic name Africa
General subdivision Economic conditions
Chronological subdivision 1960-
9 (RLIN) 3231
906 ## - LOCAL DATA ELEMENT F, LDF (RLIN)
a 7
b cbc
c orignew
d 3
e ncip
f 19
g y-gencatlg
942 ## - ADDED ENTRY ELEMENTS (KOHA)
Source of classification or shelving scheme Library of Congress Classification
Koha item type Monograph ( Printed materials)
Holdings
Withdrawn status Lost status Source of classification or shelving scheme Damaged status Not for loan Home library Current library Date acquired Total Checkouts Full call number Barcode Date last seen Price effective from Koha item type
    Library of Congress Classification     ARRUPE LIBRARY ARRUPE LIBRARY 21/08/2017   DT30.5 .Z63 1983 46500007422 07/12/2017 21/08/2017 Monograph ( Printed materials)

 

Arrupe Library. PO Box MP320 Mt Pleasant, Harare, Zimbabwe
263 242 745411|librarian@aju.ac.zw